Derecho procesal

Đã lưu trong:
Chi tiết về thư mục
Tác giả chính: Nieva Fenoll, Jordi (autor)
Định dạng: Sách
Ngôn ngữ:Tiếng Tây Ban Nha
Được phát hành: Madrid, España Marcial Pons 2014
Loạt:Manuales Universitarios
Những chủ đề:
Các nhãn: Thêm thẻ
Không có thẻ, Là người đầu tiên thẻ bản ghi này!

MARC

LEADER 00000cam a2200000 a 4500
001 UCC2899
003 CL-VaPUC
005 20220824172251.0
008 180323e20140000sp |||||||||||||||||spa|d
999 |c 370809  |d 370807 
020 |a 9788416212279o.c 
020 |a 9788415948971v.1 
020 |a 9788416402014v.2 
020 |a 9788491232186v.3 
040 |c Pontificia Universidad Católica de Valparaíso 
082 0 4 |a 347.05 NIE 2014  |2 21 
100 |a Nieva Fenoll, Jordi  |e autor  |9 417 
245 1 0 |a Derecho procesal 
260 |a Madrid, España   |b Marcial Pons  |c 2014 
300 |a 3 volúmenes  
490 0 |a Manuales Universitarios 
505 |a v.1: Introducción v.2: Proceso civil v.3: Proceso penal 
583 |a last modification  |c 20180323 15:33:00  |k Rodrigo Vera 
650 0 |a Derecho procesal penal  |9 255496 
650 0 |a Proceso civil  |9 361912 
650 0 |a Proceso penal  |9 381370 
650 7 |a PRINCIPIOS JURIDICOS  |2 CL-VaPUC  |9 458993 
852 |a BIBDER 
942 |c BK  |2 ddc 
945 |d 20180323 15:33:00  |a arojas 
952 |0 0  |1 0  |3 erb  |4 0  |6 347_050000000000000_NIE_2014  |7 0  |8 A  |9 487462  |a BIBDER  |b BIBDER  |h v.1  |i 5458293  |l 10  |m 1  |o 347.05 NIE 2014  |p 5458293  |r 2024-03-27  |s 2024-03-27  |w 2019-11-24  |y BK  |z Catalogado en:20180323  |k DER 
952 |0 0  |1 0  |3 erb  |4 0  |6 347_050000000000000_NIE_2014  |7 0  |8 A  |9 487463  |a BIBDER  |b BIBDER  |h v.2  |i 5458307  |l 6  |m 4  |o 347.05 NIE 2014  |p 5458307  |r 2025-04-26  |s 2025-04-16  |w 2019-11-24  |y BK  |z Catalogado en:20180323  |k DER 
952 |0 0  |1 0  |3 erb  |4 0  |6 347_050000000000000_NIE_2014  |7 0  |8 A  |9 487464  |a BIBDER  |b BIBDER  |h v.3  |i 5458315  |l 1  |o 347.05 NIE 2014  |p 5458315  |r 2023-01-25  |s 2020-05-19  |w 2019-11-24  |y BK  |z Catalogado en:20180323  |k DER 
952 |0 0  |1 0  |3 erb  |4 0  |6 347_050000000000000_NIE_2014  |7 0  |8 A  |9 487465  |a BIBDER  |b BIBDER  |d 2019-06-19  |e 1  |g 78054.00  |h v.3  |i 5553806  |o 347.05 NIE 2014  |p 5553806  |r 2023-01-25  |v 78054.00  |w 2019-11-24  |y BK  |z Catalogado en:20190621  |k DER